000 00642nam a2200253Ia 4500
005 20260121114134.0
008 008 260114s9999 xx 000 0 eng d
020 _a9781119882299
037 _aEBOOK
040 _aCRL
040 _beng
040 _cCRL
041 _2eng
041 _aeng
084 _qCRL
100 _aAbdourrahmane M. Atto
_9971331
245 0 _aChange Detection and Image Time-Series Analysis 2- Supervised Methods
260 _bWiley
260 _c2021
856 _uhttps://onlinelibrary.wiley.com/doi/book/10.1002/9781119882299
942 _cEBOOK
999 _c1550586
_d1550586